ბათუმის შოთა რუსთაველის სახელმწიფო უნივერსიტეტის ბიბლიოთეკა

იერუსალიმის ჯვრის მონასტრის მიწათმფლობელობა საქართველოში / (ბიბ.ჩანაწერი № 40453)

000 -ლიდერი
ფიქსირებული სიგრძის საკონტროლო ველი 01683nam a2200313Ia 4500
001 - საკონტროლო ნომერი
საკონტროლო ველი 7062
003 - საკონტროლო ნომრის იდენტიფიკატორი
საკონტროლო ველი GE_BSU
005 - ბოლო ოპერაციის თარიღი და დრო
საკონტროლო ველი 20231024152912.0
008 - ფიქსირებული სიგრძის მონაცემთა ელემენტები - ზოგადი ინფორმაცია
ფიქსირებული სიგრძის საკონტროლო ველი 181216s2007||||ge |||||||||||||| ||geo||
020 ## - წიგნის საერთაშორისო სტანდარტული ნომერი
International Standard Book Number 9789994059553
040 ## - კატალოგიზაციის წყარო
Transcribing agency GE_BSU
041 ## - ენის კოდი
Language code of text/sound track or separate title geo
080 ## - უნივერსალური ათობითი კლასიფიკაციის ინდექსი
Universal Decimal Classification number 27-788(=353.1)(569.4)+332.21(479.22) ხ-96
100 ## - მთავარი ჩანაწერი - პიროვნების სახელი
Personal name ხუციშვილი, ნიკო
9 (RLIN) 3608
245 ## - ცნობა სათაურის შესახებ
Title იერუსალიმის ჯვრის მონასტრის მიწათმფლობელობა საქართველოში /
Statement of responsibility, etc ნიკო ხუციშვილი ; სერიის მთ. რედ. ბუბა კუდავა ; სარედ. კოლ. თამარ გეგია და სხვ.
250 ## - გამოცემის ცნობა
Edition statement მეორე გამოცემა
264 ## - წარმოების, გამოცემის, დისტრიბუციის და სხვა ცნობები
გამოცემის, წარმოების, დისტრიბუციის... ადგილი თბილისი :
გამოცემის, წარმოების, დისტრიბუციის... სახელწოდება არტანუჯი,
გამოცემის, წარმოების, დისტრიბუციის... თარიღი 2007.
300 ## - ფიზიკური აღწერა
Extent 166 გვ. ;
Dimensions 20 სმ.
490 ## - სერიის ცნობა
Series statement საქართველოს ეკლესიის ისტორია
Volume number/sequential designation 1
International Standard Serial Number ISSN: 1512-4371
500 ## - ზოგადი შენიშვნა
General note საძიებლები : გვ. 154-164
501 ## - შენიშვნა თანმხლებ მასალაზე
With note სქემები : გვ. 147-153
504 ## - BIBLIOGRAPHY, ETC. NOTE
Bibliography, etc ბიბლიოგრაფია ტექსტების შენიშვნებში
520 ## - SUMMARY, ETC.
Summary, etc რეზიუმე ინგლისურ ენაზე
653 ## - INDEX TERM--UNCONTROLLED
Uncontrolled term საქართველოს ეკლესიის ისტორია
653 ## - INDEX TERM--UNCONTROLLED
Uncontrolled term ქართული მონასტრები იერუსალმში
653 ## - INDEX TERM--UNCONTROLLED
Uncontrolled term საეკლესიო მიწათმფლობელობა
942 ## - ADDED ENTRY ELEMENTS (KOHA)
Koha item type წიგნი
Source of classification or shelving scheme
ეგზემპლარები
ჩამოწერის სტატუსი დაკარგული ეგზემპლარის სტატუსი კლასიფიკაციის წყარო ან თაროზე გაწყობის სქემა დაზიანების სტატუსი არ გაიცემა მუდმივი მდებარეობა (დაცვის ადგილი) ამჟამინდელი ადგილსამყოფელი თაროზე განთავსების ადგილი შეძენის თარიღი ღირებულება, შესყიდვის ნორმალური ფასი სრული შენახვის შიფრი შტრიხკოდი ბოლო ოპერაციის თარიღი ეგზემპლარის მიმდევრობითი ნომერი (კეტერი?) ფასის ძალაში შესვლის თარიღი ეგზემპლარის სახეობა საჯარო შენიშვნა
          ბათუმის შოთა რუსთაველის სახელმწიფო უნივერსიტეტის მთავარი ბიბლიოთეკა ბათუმის შოთა რუსთაველის სახელმწიფო უნივერსიტეტის მთავარი ბიბლიოთეკა წიგნსაცავი 2018-12-17 7.00 27-788(=353.1)(569.4)+332.21(479.22) ხ-96 22932 2018-12-17 22932 2018-12-17 წიგნი 7.00 ₾.
          ბათუმის შოთა რუსთაველის სახელმწიფო უნივერსიტეტის მთავარი ბიბლიოთეკა ბათუმის შოთა რუსთაველის სახელმწიფო უნივერსიტეტის მთავარი ბიბლიოთეკა წიგნსაცავი 2018-12-17 7.00 27-788(=353.1)(569.4)+332.21(479.22) ხ-96 22933 2018-12-17 22933 2018-12-17 წიგნი 7.00 ₾.